000 00581nam a2200217 a 4500
001 0001-2195
003 ELIB.Books
008 190802 2010 eng
020 _aKBTS
092 _a285.1
_bSmy
100 _aSmylie, James H.
245 _aThe United Presbyterian Church and Christian Nuture
260 _aPhiladelphia
_bSecond Class Postage Paid
_c1981
300 _a466
_c23cm
650 _aPresbyterian
856 _nKBTS Library
_uKBTS Elib
942 _2ddc
_cBK
990 _a1
998 _aEnglishbooks.elf
_ccat
_e2019-08-02
999 _c12195
_d12195